<?xml version="1.0" encoding="UTF-8"?>
<record
    xmlns:xsi="http://www.w3.org/2001/XMLSchema-instance"
    xsi:schemaLocation="http://www.loc.gov/MARC21/slim http://www.loc.gov/standards/marcxml/schema/MARC21slim.xsd"
    xmlns="http://www.loc.gov/MARC21/slim">

  <leader>00661    a2200229   4500</leader>
  <controlfield tag="003">0</controlfield>
  <controlfield tag="005">20160609155041.0</controlfield>
  <controlfield tag="008">110516t        xxu||||| |||| 00| 0 eng d</controlfield>
  <datafield tag="040" ind1=" " ind2=" ">
    <subfield code="a">BUAC</subfield>
    <subfield code="b">Fre</subfield>
    <subfield code="c">BUC</subfield>
  </datafield>
  <datafield tag="041" ind1=" " ind2=" ">
    <subfield code="a">Fre</subfield>
  </datafield>
  <datafield tag="100" ind1=" " ind2=" ">
    <subfield code="l">Fre</subfield>
    <subfield code="a">Delbos, Victor</subfield>
    <subfield code="9">17005</subfield>
  </datafield>
  <datafield tag="245" ind1=" " ind2=" ">
    <subfield code="a">La Philosophie pratique de Kant</subfield>
    <subfield code="c">par Victor Delbos</subfield>
  </datafield>
  <datafield tag="250" ind1=" " ind2=" ">
    <subfield code="a">3&#xE8;me &#xE9;d.</subfield>
  </datafield>
  <datafield tag="260" ind1=" " ind2=" ">
    <subfield code="a">Paris</subfield>
    <subfield code="b">Presses Universitaires de France</subfield>
    <subfield code="c">1969</subfield>
  </datafield>
  <datafield tag="300" ind1=" " ind2=" ">
    <subfield code="a">608 p.</subfield>
    <subfield code="c">22 cm</subfield>
  </datafield>
  <datafield tag="440" ind1=" " ind2=" ">
    <subfield code="a">(Biblioth&#xE8;que de philosophie contemporaine)</subfield>
    <subfield code="9">17007</subfield>
  </datafield>
  <datafield tag="600" ind1=" " ind2=" ">
    <subfield code="a">Kant</subfield>
    <subfield code="c">Philosophe</subfield>
    <subfield code="9">17009</subfield>
  </datafield>
  <datafield tag="630" ind1=" " ind2=" ">
    <subfield code="a">PHILOSOPHIE </subfield>
    <subfield code="9">17011</subfield>
  </datafield>
  <datafield tag="650" ind1=" " ind2=" ">
    <subfield code="a">Morale : philosophie</subfield>
    <subfield code="9">17013</subfield>
  </datafield>
  <datafield tag="942" ind1=" " ind2=" ">
    <subfield code="c">LIVR</subfield>
  </datafield>
  <datafield tag="999" ind1=" " ind2=" ">
    <subfield code="c">34199</subfield>
    <subfield code="d">34199</subfield>
  </datafield>
  <datafield tag="952" ind1=" " ind2=" ">
    <subfield code="0">0</subfield>
    <subfield code="1">0</subfield>
    <subfield code="4">0</subfield>
    <subfield code="7">0</subfield>
    <subfield code="a">BUAC</subfield>
    <subfield code="b">BUAC</subfield>
    <subfield code="d">0000-00-00</subfield>
    <subfield code="e">ACHAT</subfield>
    <subfield code="l">0</subfield>
    <subfield code="o">140.8 DEL</subfield>
    <subfield code="r">2010-07-16 00:00:00</subfield>
    <subfield code="t">1</subfield>
    <subfield code="w">2010-07-16</subfield>
    <subfield code="y">LIVR</subfield>
  </datafield>
</record>
